Konatelia

Konateľ ako štatutárny orgán spoločnosti. Spôsob ustanovenia konateľa do funkcie. Právny vzťah medzi konateľom a spoločnosťou. Spôsob konania konateľa za spoločnosť. Konateľské oprávnenie konateľa a sankcie za jeho porušenie. Ručiteľský záväzok za konateľov. Základné práva a povinnosti konateľov. Ob...

Descrizione completa

Salvato in:
Dettagli Bibliografici
Autore principale: Fekete, Imrich
Natura: Capitolo di libro
Lingua:slovacco
Soggetti:
Tags: Aggiungi Tag
Nessun Tag, puoi essere il primo ad aggiungerne!!

MARC

LEADER 00000naa a2200000 4500
001 r035302
005 20230926081327.6
041 0 |a slo 
044 |a SK 
245 1 0 |a Konatelia  |c Imrich Fekete 
520 |a Konateľ ako štatutárny orgán spoločnosti. Spôsob ustanovenia konateľa do funkcie. Právny vzťah medzi konateľom a spoločnosťou. Spôsob konania konateľa za spoločnosť. Konateľské oprávnenie konateľa a sankcie za jeho porušenie. Ručiteľský záväzok za konateľov. Základné práva a povinnosti konateľov. Obchodné vedenie spoločnosti. Zákaz konkurencie u konateľov. Právne dôsledky porušenia zákazu konkurencie. Zánik funkcie konateľa. Spôsob zdaňovania odmeny konateľa. Podiel konateľa na zisku spoločnosti. 
610 2 0 |a konatelia 
610 2 0 |a orgány štatutárne 
610 2 0 |a spoločnosti s r.o. 
610 2 0 |a vzťahy právne 
610 2 0 |a zákonník obchodný 
610 2 0 |a odmeny 
610 2 0 |a zdaňovanie 
610 2 0 |a podiely na zisku 
100 1 |a Fekete, Imrich